Экономическая теория: макроэкономика в условиях неоиндустриализации: учебное пособие

Bibliographic Details
Corporate Author: Национальный исследовательский Томский политехнический университет
Other Authors: Жиронкин С. А. Сергей Александрович (составитель), Гасанов М. А. Магеррам Али оглы, Гузырь В. В. Владимир Васильевич
Summary:Пособие раскрывает различные аспекты макроэкономики как ключевого раздела современной экономической теории. Системно рассмотрены основные вопросы макроэкономики с учетом современного этапа индустриализации. Предназначено для студентов, обучающихся по направлениям 38.03.01 "Экономика", 38.03.02 "Менеджмент" (бакалавриат), а также для студентов любых неэкономических (технических) специальностей при изучении базового курса экономики.
Language:Russian
Published: Томск, Изд-во ТПУ, 2020
Subjects:
Format: Book
KOHA link:https://koha.lib.tpu.ru/cgi-bin/koha/opac-detail.pl?biblionumber=345173

MARC

LEADER 00000nam0a2200000 4500
001 345173
005 20240105130056.0
010 |a 9785438709305 
035 |a (RuTPU)RU\TPU\book\377006 
090 |a 345173 
100 |a 20200923d2020 m y0rusy50 ca 
101 0 |a rus 
102 |a RU 
105 |a y j 001zy 
200 1 |a Экономическая теория: макроэкономика в условиях неоиндустриализации  |e учебное пособие  |f Национальный исследовательский Томский политехнический университет ; сост. С. А. Жиронкин и [и др.] 
210 |a Томск  |c Изд-во ТПУ  |d 2020 
215 |a 217 с. 
320 |a Библиогр.: с. 212-216 
330 |a Пособие раскрывает различные аспекты макроэкономики как ключевого раздела современной экономической теории. Системно рассмотрены основные вопросы макроэкономики с учетом современного этапа индустриализации. Предназначено для студентов, обучающихся по направлениям 38.03.01 "Экономика", 38.03.02 "Менеджмент" (бакалавриат), а также для студентов любых неэкономических (технических) специальностей при изучении базового курса экономики. 
606 1 |a Макроэкономика  |2 stltpush  |3 (RuTPU)RU\TPU\subj\36372  |9 57778 
610 1 |a экономическая теория 
610 1 |a макроэкономические показатели 
610 1 |a общественное производство 
610 1 |a инновационное развитие 
610 1 |a макроэкономическое равновесие 
610 1 |a экономический рост 
610 1 |a государственное регулирование 
610 1 |a индустриализация 
610 1 |a промышленность 
610 1 |a неоиндустриализация 
610 1 |a учебные пособия 
610 1 |a труды учёных ТПУ 
686 |a У012.2я73  |2 rubbk 
702 1 |a Жиронкин  |b С. А.  |c экономист  |c профессор Томского политехнического университета, доктор экономических наук  |f 1975-  |g Сергей Александрович  |3 (RuTPU)RU\TPU\pers\33504  |4 220  |9 17172 
702 1 |a Гасанов  |b М. А.  |c экономист  |c профессор Томского политехнического университета, доктор экономических наук  |f 1963-  |g Магеррам Али оглы  |3 (RuTPU)RU\TPU\pers\28713  |4 220  |9 13510 
702 1 |a Гузырь  |b В. В.  |c экономист  |c доцент Томского политехнического университета, кандидат экономических наук  |f 1979-  |g Владимир Васильевич  |3 (RuTPU)RU\TPU\pers\31942  |4 220 
712 0 2 |a Национальный исследовательский Томский политехнический университет  |c (2009- )  |3 (RuTPU)RU\TPU\col\15902  |9 26305 
801 1 |a RU  |b 63413507  |c 20200923 
801 2 |a RU  |b 63413507  |c 20201113  |g RCR 
942 |c BK